Stranger Things - postacie - Statystyki

Ogólne statystyki
  • Ten quiz został rozwiązany 236 razy
  • Średni wynik to 26 z 44
Statystyki odpowiedzi
Obrazkowy Odpowiedź % Poprawnych
Jane Hopper
100%
Dustin Henderson
98%
William Byers
98%
Max Mayfield
97%
Mike Wheeler
97%
Jim Hopper
94%
Steve Harrington
94%
Nancy Wheeler
92%
Lucas Sinclair
91%
Henry Creel
89%
Robin Buckley
86%
Barbara Holland
85%
Jonathan Byers
85%
Joyce Byers
82%
Holly Wheeler
81%
Billy Hargrove
80%
Eddie Munson
80%
Erica Sinclair
79%
Derek Turnbow
74%
Kali Prasad
73%
Bob Newby
71%
Martin Brenner
69%
Suzie Bingham
67%
Karen Wheeler
66%
Murray Bauman
59%
Vickie Dunne
52%
Ted Wheeler
50%
Victor Creel
48%
Chrissy Cunningham
44%
Dmitri Antonov
37%
Argyle
35%
Dr Alexei
34%
Dr Kay
29%
Tina Turnbow
29%
Fred Benson
26%
Yuri Ismaylov
23%
Benny Hammond
22%
Heather Holloway
20%
Sam Owens
17%
Terry Ives
16%
Scott Clarke
15%
Larry Kline
11%
Bruce Lowe
9%
Grigori
9%
Nie znaleziono quizów pasujących do podanych kryteriów
Rozkład punktacji
Procent ludzi z każdym wynikiem
Percentyl według liczby udzielonych odpowiedzi
Twoja historia wyników
Nie rozwiązałeś tego quizu